Applied cryptography : protocols, algorithms, and source code in C /

Guardado en:
Autor Principal: Schneier, Bruce, 1963-
Formato: Libro
Idioma:English
Publicado: New York : Wiley, c1996.
Edición:2nd ed.
Materias:
Acceso en línea:Contributor biographical information
Publisher description
Table of Contents
Etiquetas: Agregar Etiqueta
Sin Etiquetas, Sea el primero en etiquetar este registro!
LEADER 01156cam a2200289 a 4500
001 DCC.dcic001040
008 950327s1996####nyua#####b####001#0#eng##
005 20151130121621.0
245 1 0 |a Applied cryptography :  |b protocols, algorithms, and source code in C /  |c Bruce Schneier. 
250 |a 2nd ed. 
260 |a New York :  |b Wiley,  |c c1996. 
300 |a xxiii, 758 p. :  |b il. ;  |c 24 cm. 
504 |a Incluye referencias bibliográficas (p. 675-741) e índice. 
020 |a 0471128457 (cloth : acid-free paper) 
020 |a 0471117099 (paper : acid-free paper) 
100 1 |a Schneier, Bruce,  |d 1963- 
082 0 0 |a 005.8/2  |2 20 
650 0 |a Computer security. 
650 0 |a Telecommunication  |x Security measures. 
650 0 |a Cryptography. 
010 |a  95012398  
040 |a DLC  |c DLC  |d DLC 
050 0 4 |a QA76.9.A25  |b S35 1996 
856 4 2 |3 Contributor biographical information  |u http://www.loc.gov/catdir/bios/wiley041/95012398.html 
856 4 2 |3 Publisher description  |u http://www.loc.gov/catdir/description/wiley032/95012398.html 
856 4 |3 Table of Contents  |u http://www.loc.gov/catdir/toc/onix02/95012398.html 
859 |a DCIC  |b BIB. COMPUTACION  |p 1662